| 000 | 00352nam a2200133Ia 4500 | ||
|---|---|---|---|
| 005 | 20260328104328.0 | ||
| 008 | 260328s9999||||xx |||||||||||||| ||und|| | ||
| 100 | _aCastro, Jaime | ||
| 245 | 0 |
_aConservación de Estilo en Santafe de Bogotá / _cJaime Castro |
|
| 260 | _bPlaneación Distrital | ||
| 300 | _a119 p. | ||
| 650 | _aCOLOMBIA | ||
| 942 | _cBK | ||
| 999 |
_c11595 _d11595 |
||